| 000 | 00890nam a22002177a 4500 | ||
|---|---|---|---|
| 008 | 090530t xxu||||| |||| 00| 0 eng d | ||
| 010 | _aB-328869 | ||
| 020 |
_a9788175346000 _c650-00 |
||
| 035 | _aB-328869 | ||
| 037 |
_aUBH _bRP/CL/E;15/20.05.09/25.05.09/28.05.09/29.05.09 |
||
| 040 |
_adpl _bEng |
||
| 082 | _a346.54 | ||
| 100 | _aParameswaran,S | ||
| 245 |
_aLaw Relating Societies Registration _cby/S.Parameswaran |
||
| 260 |
_aDelhi _bUniversal Law Publishing _c2007 |
||
| 270 |
_aC-ff IA Dilkhush Industrial Estate G.T Karnal Road _bDelhi _e110033 _k27215334 |
||
| 300 |
_axxxi,725pg _c24cm |
||
| 942 |
_2ddc _cEN _h346.54 _mPAR |
||
| 999 |
_c27004 _d27004 |
||